| 000 | 00754nam0a22002291 4500 | ||
|---|---|---|---|
| 001 | rc\3047010 | ||
| 005 | 20250530023617.0 | ||
| 035 | _a(NLR Aleph) 007186715 | ||
| 090 |
_a7496981 _c7496981 |
||
| 100 | _a20111008d1940 |||y0rusy50 ca | ||
| 101 | 0 | _arus | |
| 102 | _aRU | ||
| 105 | _aa z ||||| | ||
| 200 | 1 |
_aУстройство, эксплуатация и ремонт цистерн _fинж. К.В. Казимиров |
|
| 210 |
_aМосква _cТрансжелдориздат _d1940 |
||
| 215 |
_a186 с. _cил., черт., схем. _d22 см |
||
| 700 | 1 |
_aКазимиров _bК.В. _gКонстантин Васильевич |
|
| 801 | 0 |
_aRU _bNLR _gpsbo |
|
| 801 | 1 |
_aRU _bELAR _2rusmarc |
|
| 852 |
_aNLR _j40-4/293 |
||
| 942 | _cBOOK | ||
| 980 | _aNB | ||